|
|
|
|
| LEADER |
00000nas a22000001a 4500 |
| 001 |
vtls010298527 |
| 003 |
SK-MaSNL |
| 005 |
20260228163114.0 |
| 008 |
110809d19361936xo wr p r 0 b0slo |
| 015 |
|
|
|a SNBDS17XX9999
|
| 015 |
|
|
|a 0629
|2 Kipsová 1919-38
|
| 038 |
|
|
|a SNKBUDS
|
| 040 |
|
|
|a SNK
|b slo
|c SNK
|e AACR2
|
| 041 |
0 |
|
|a slo
|
| 044 |
|
|
|a xo
|c SK
|
| 080 |
|
|
|a 330.5
|2 2001
|
| 080 |
|
|
|a 351.824
|2 2001
|
| 080 |
|
|
|a 33
|2 2001
|
| 245 |
0 |
0 |
|a Slovenské hospodárstvo
|b týždenník pre obchod, peňažníctvo, priemysel a poľnohospodárstvo
|
| 260 |
|
|
|a Banská Bystrica
|b Zoltán Bačkor
|c 1936
|
| 300 |
|
|
|a 1 roč.
|c 47 x 31 cm
|
| 310 |
|
|
|a 1x týždenne
|
| 362 |
1 |
|
|a Spracované iba 6. číslo zo 7. júla 1936
|z Citované z: Bibliografia slov. a inoreč. nov. a čas. 1919-38 / M. Kipsová
|
| 500 |
|
|
|a Vych. v Banskej Bystrici každý utorok
|
| 500 |
|
|
|a Zodp. red. Zoltán Bačkor
|
| 500 |
|
|
|a Vyd. Zoltán Bačkor
|
| 500 |
|
|
|a Tlač. Slovan
|
| 500 |
|
|
|a Vydávanie časopisu povolil Okresný úrad v Banskej Bystrici výmerom čís. 898/1936 zo dňa 12. júna 1936
|
| 505 |
8 |
0 |
|g Roč. I. [1936] čís. 6. 6 s.
|
| 650 |
0 |
7 |
|a národné hospodárstvo
|2 SNKPH
|9 846
|
| 655 |
|
7 |
|a národohospodárske časopisy
|2 SNKPH
|9 273053
|
| 700 |
1 |
|
|a Bačkor, Zoltán
|4 pbd
|9 273054
|
| 710 |
0 |
|
|a Bačkor, Zoltán
|e vydav.
|9 273055
|
| 710 |
2 |
|
|a Slovan (Banská Bystrica, Slovensko : tlačiareň)
|9 123491
|
| 852 |
|
|
|a SNK
|b 10000
|h ČSA 490
|
| 999 |
|
|
|c 8879
|d 10809
|